La imagen heroica en Chile: Arturo Prat, santo secular

Saved in:
Bibliografiske detaljer
Hovedforfatter: Sater, William F (Author)
Format: Bog
Sprog:spansk
Udgivet: Santiago Centro de Estudios Bicentenario 2009
Udgivelse:2a. ed
Fag:
Tags: Tilføj Tag
Ingen Tags, Vær først til at tagge denne postø!

MARC

LEADER 00000cam a2200000 a 4500
001 UCG8764
003 CL-VaPUC
008 111229e20090500CL |||||||||||||||||spa|d
020 |a 9789568147761 
082 0 4 |a 983.0616  |b SAT  |2 21 
100 0 |a Sater, William F  |e author  |9 559924 
245 1 3 |a La imagen heroica en Chile: Arturo Prat, santo secular 
250 |a 2a. ed 
300 |a 231 p 
942 |c BK 
945 |d 20111229 00:00:00  |a dcastane 
260 |a Santiago  |b Centro de Estudios Bicentenario  |c 2009 
650 0 |a Historia de Chile  |9 265473 
650 0 |a Guerra del Pacífico  |9 314886 
650 0 |a Biografías  |9 255210 
583 |a last modification  |c 20111229 10:48:00  |k Rodrigo Vera 
999 |c 346362  |d 346360 
952 |0 0  |1 0  |4 0  |6 983_061600000000000_SAT_2009  |7 0  |8 A  |9 447036  |a BIBHIS  |b BIBHIS  |d 2019-11-22  |i 4818946  |o 983.0616 SAT 2009  |p 4818946  |r 2025-01-20  |w 2019-11-22  |y BK  |k HIS